[Event "Cogas Energie Match"]
[Site "Almelo NED"]
[Date "2004.04.08"]
[Round "1"]
[White "Van Wely,L"]
[Black "Timman,J"]
[Result "1-0"]
[WhiteElo "2617"]
[BlackElo "2578"]
[EventDate "2004.04.08"]

1. d4 Nf6 2. c4 e6 3. Nc3 d5 4. Bg5 Be7 5. e3 O-O 6. Rc1 h6 7. Bh4 b6 8.
cxd5 Nxd5 9. Nxd5 exd5 10. Bxe7 Qxe7 11. Bd3 c5 12. Ne2 Nd7 13. O-O Nf6 14.
b3 Bb7 15. Rc2 Rfc8 16. Qc1 a5 17. a4 g6 18. h3 Rc7 19. Qa3 Rac8 20. Rfc1
Ne4 21. Bxe4 dxe4 22. Nc3 Bc6 23. d5 Be8 24. d6 Qxd6 25. Nxe4 Qe6 26. Nd2
Rd8 27. Nc4 Rcd7 28. Qb2 Rd3 29. Rc3 R3d5 30. Qe2 Bc6 31. e4 Rd4 32. f3 Bb7
33. Qe3 Kg7 34. Qf4 Ba6 35. Ne3 h5 36. h4 Bb7 37. R1c2 R8d7 38. Kh2 Ba6 39.
g4 hxg4 40. Nxg4 Qd6 41. Qxd6 R7xd6 42. Ne3 f5 43. exf5 Rxh4+ 44. Kg3 Rh5
45. fxg6 Kxg6 46. Ng4 Bc8 47. Re2 Bxg4 48. fxg4 Rhd5 49. Rce3 Rd3 50. Kh4
Rxe3 51. Rxe3 Kf7 52. g5 Rd1 53. Kg4 Rg1+ 54. Kf5 Rf1+ 55. Ke5 Rd1 56. Rf3+
Kg6 57. Rf6+ Kxg5 58. Rxb6 Rd3 59. Rb5 Kg6 60. Ke6 Rc3 61. Rxa5 Rxb3 62.
Rxc5 Kg7 63. a5 Ra3 64. Ke7 Ra1 65. Kd7 Kf6 66. Rb5 Kf7 67. Kc7 Ke7 68. Kb7
Kd7 69. a6 1-0

[Event "Cogas Energie Match"]
[Site "Almelo NED"]
[Date "2004.04.10"]
[Round "4"]
[White "Timman,J"]
[Black "Van Wely,L"]
[Result "0-1"]
[WhiteElo "2578"]
[BlackElo "2617"]
[EventDate "2004.04.08"]

1. e4 c5 2. Nf3 Nc6 3. Bb5 g6 4. O-O Bg7 5. Re1 Nf6 6. e5 Nd5 7. Nc3 Nc7 8.
Bxc6 dxc6 9. Ne4 Ne6 10. d3 O-O 11. Be3 b6 12. Qd2 f5 13. exf6 exf6 14. c3
Ba6 15. Rad1 Qc7 16. Bh6 Rad8 17. Bxg7 Kxg7 18. Qc2 Nf4 19. c4 Bc8 20. Re3
Bg4 21. Rde1 Bxf3 22. Rxf3 Ne6 23. Qd2 Nd4 24. Rfe3 Nf5 25. Rh3 h5 26. Ng3
Nh6 27. Re4 Rfe8 28. Qe2 Qf7 29. Nf1 Nf5 30. Nd2 Qd7 31. Kf1 Rxe4 32. Nxe4
Re8 33. Qc2 Re6 34. Qc1 Qc7 35. Qd2 Qe5 36. Ng3 Nh6 37. f4 Qd4 38. f5 Re5
39. fxg6 Ng4 40. Nxh5+ Kxg6 41. Nf4+ Kf7 42. g3 Ne3+ 43. Kg1 Nxc4+ 44. Qf2
Re1+ 45. Kg2 Ne3+ 46. Kf3 Rf1 47. Rh7+ Kg8 0-1